|
|
|
|
| LEADER |
01047nam a2200181 a 4500 |
| 008 |
100601s2002 bg b 000 0 eng d |
| 020 |
|
|
|a 9844590892
|
| 040 |
|
|
|a BD-DhAAL
|c BD-DhAAL
|d BD-DhAAL
|
| 082 |
0 |
0 |
|a 070/.92/2
|2 22
|
| 100 |
1 |
0 |
|a আলম, মোহাম্মদ মাহবুব.
|
| 245 |
1 |
0 |
|a সংবাদপত্রের পাতায় ব্যাখ্যামূলক প্রতিবেদন :
|b চারটি জাতীয় দৈনিকে প্রকাশিত ব্যাখ্যামূলক প্রতিবেদনের মূল্যায়ন /
|c মোহাম্মদ মাহবুব আলম.
|
| 260 |
|
|
|a ঢাকা :
|b সুবর্ণ,
|c ২০০২
|
| 300 |
|
|
|a ১৯৭ পৃ. ;
|c ২২ সে.মি.
|
| 541 |
1 |
|
|e 00020093
|
| 650 |
|
0 |
|a Feature Stories
|
| 852 |
4 |
|
|a Ayesha Abed Library
|j General shelf
|
| 999 |
|
|
|c 8789
|d 8789
|
| 952 |
|
|
|0 0
|1 0
|2 ddc
|4 0
|6 070_000000000000000__92_2_ALA_2002
|7 0
|9 10653
|a BRACUL
|b BRACUL
|c GEN
|d 2010-06-03
|l 0
|o 070.922 ALA
|p 3010020093
|r 2010-06-03
|t 1
|w 2010-06-03
|y BK
|